000 00604nam a2200181 i 4500
001 101726
003 ES-MaACL
005 20250805063253.0
007 t|
008 051021s1971 sp ||||1| spa d
100 1 _aMeléndez, Bermudo,
_d1912-1999
_979905
245 1 0 _aPrácticas de paleontología
_b: fichero de paleontología estratigráfica /
_cBermudo Meléndez.
260 _aMadrid :
_bParaninfo,
_c1971.
300 _a15 p., lám. 1-80 ;
_c25 cm.
650 4 _aPaleontología-
_vGráficos, esquemas, etc.
_9214005
852 _aES-MaACL
_jC-41231
_bR.79502
999 _c101726
_d101726